| 000 | 00388 a2200157 4500 | ||
|---|---|---|---|
| 005 | 20250626153641.0 | ||
| 020 | _a0-07-089764-6 | ||
| 082 | _a658.15 BLO | ||
| 100 | _aBLOCK, B. S. | ||
| 245 | _aFoundations of Financial Management | ||
| 250 | _a6th Ed. | ||
| 260 |
_aNew York, _bMcGraw Hill, _c2003. |
||
| 300 |
_a407p.; _c27cm |
||
| 700 | _aHIRT, G. A. & SHORT, J. G. | ||
| 942 |
_2ddc _cBKS |
||
| 999 |
_c5427 _d5427 |
||